Implementation of the Circular Economy in Slovakia
Konkurencieschopná ekonomika, ktorá zodpovedne využíva zdroje, je jednou z najvyšších priorít EÚ. V tejto súvislosti je obehová ekonomika kľúčovou témou v EÚ od roku 2015. V nadväznosti na to sa článok venuje problematike obehovej ekonomiky s dôrazom na jej princípy, základné obchodné modely a výhod...
Salvato in:
| Autore principale: | |
|---|---|
| Natura: | Capitolo di libro |
| Lingua: | inglese |
| Soggetti: | |
| Tags: |
Nessun Tag, puoi essere il primo ad aggiungerne!!
|
MARC
| LEADER | 00000naa$a2200000$$$4500 | ||
|---|---|---|---|
| 001 | 0305068 | ||
| 005 | 20241113101618.0 | ||
| 041 | 0 | |a eng | |
| 044 | |a SK | ||
| 245 | 1 | 0 | |a Implementation of the Circular Economy in Slovakia |c Katarína Grančičová |
| 520 | |a Konkurencieschopná ekonomika, ktorá zodpovedne využíva zdroje, je jednou z najvyšších priorít EÚ. V tejto súvislosti je obehová ekonomika kľúčovou témou v EÚ od roku 2015. V nadväznosti na to sa článok venuje problematike obehovej ekonomiky s dôrazom na jej princípy, základné obchodné modely a výhody jej implementácie a následne stručne prezentuje a hodnotí úroveň implementácie obehového hospodárstva na Slovensku. Odoslať spätnú väzbu Bočné panely História Uložené K dispozícii sú výsledky prekladu | ||
| 610 | 2 | 0 | |a ekonomika |
| 610 | 2 | 0 | |a Európska únia |
| 610 | 2 | 0 | |a Slovensko |
| 610 | 2 | 0 | |a konkurencieschopnosť |
| 610 | 2 | 0 | |a hospodárstvo obehové |
| 610 | 2 | 0 | |a implementácia |
| 100 | 1 | |a Grančičová, Katarína, 1967- | |